A Text Book On Power System Engineering (Record no. 15336)

MARC details
000 -LEADER
fixed length control field 00387nam a2200145Ia 4500
008 - FIXED-LENGTH DATA ELEMENTS--GENERAL INFORMATION
fixed length control field 221030s9999 xx 000 0 und d
041 ## - LANGUAGE CODE
Language code of text/sound track or separate title
100 ## - MAIN ENTRY--AUTHOR NAME
Personal name A. Chakrabarti
245 #2 - TITLE STATEMENT
Title A Text Book On Power System Engineering
Statement of responsibility, etc by A. Chakrabarti, M. L. Soni
260 ## - PUBLICATION, DISTRIBUTION, ETC. (IMPRINT)
Name of publisher Dhanpat Rai Pub
Place of publication New Delhi
Year of publication 2014
300 ## - PHYSICAL DESCRIPTION
Number of Pages 835
650 ## - SUBJECT ADDED ENTRY--TOPICAL TERM
Topical Term BB EE
700 ## - ADDED ENTRY--PERSONAL NAME
Personal name M. L. Soni
942 ## - ADDED ENTRY ELEMENTS (KOHA)
Koha item type Books
Holdings
Accession Number Cost, normal purchase price Bill Date Source of acquisition Price effective from Koha item type Withdrawn / writtenoff status Materials specified (bound volume or other part) Damaged status Not for loan Permanent Location Current Location Shelving location Date acquired Lost/ Missing status department
BB 632 475.00 10989 RKB 10/30/2022 Books   Print     MIET Library, Jammu MIET Library, Jammu BL-Academic Block B, FL-2, CUP-102, SH-4, R-4 10/21/2014   BB
BE 14011 475.00 10989 RKB 10/30/2022 Books   Print   Not For Loan MIET Library, Jammu MIET Library, Jammu BL-Aacdemic Block B, FL-2, CUP-148, SH-3, R-3 11/10/2014   BE
BE 14012 475.00 10989 RKB 10/30/2022 Books   Print     MIET Library, Jammu MIET Library, Jammu BL-Aacdemic Block B, FL-2, CUP-131, SH-6, R-6 11/10/2014   BE